000 00676nam a2200217Ii 4500
003 JO-AjNU
008 230605s9999||||xx |||||||||||||| ||und||
017 _a1994/8/849
040 _aJO-AjNU
_bara
_erda
_cJO-AjNU
041 _aara
050 1 4 _aPJ7842 1994
100 3 _aربيع، محمد عبد العزيز,
_eauthor
_952731
245 0 0 _aرحلة مع القلق
250 _aط1
264 3 1 _aعمان: دار الكرمل، 1994
300 _a92ص
336 _atext
_btxt
_2rdacontent
337 _aunmediated
_bn
_2rdamedia
338 _avolume
_bnc
_2rdacarrier
650 4 _aالادب العربي - الراويات العربية - القرن 20
_952732
999 _aA23376
_c26944
_d26944